|
|
|
|
| LEADER |
00000nam0a2200000 4500 |
| 001 |
282965 |
| 005 |
20231101235541.0 |
| 010 |
|
|
|a 9785979509716
|
| 035 |
|
|
|a (RuTPU)RU\TPU\book\306985
|
| 090 |
|
|
|a 282965
|
| 100 |
|
|
|a 20150204d2012 k y0rusy50 ca
|
| 101 |
0 |
|
|a rus
|
| 102 |
|
|
|a RU
|
| 105 |
|
|
|a a z 001zy
|
| 200 |
1 |
|
|a Литые дисперсно-упрочненные алюмоматричные композиционные материалы: изготовление, свойства, применение
|f Т. А. Чернышова [и др.]
|
| 210 |
|
|
|a Ульяновск
|c Изд-во УлГТУ
|d 2012
|
| 215 |
|
|
|a 296 с.
|c ил.
|
| 320 |
|
|
|a Библиография в конце глав.
|
| 330 |
|
|
|a В монографии изложены современные представления о термодинамической и кинетической совместимости компонентов гетерофазных композиционных систем; способы улучшения совместимости металлических матриц с высокопрочными, высокомодульными армирующими наполнителями, особенности кристаллизации матричных расплавов в присутствии наполнителей различной природы; распределение легирующих добавок и наполнителей в матрице, качество связи наполнитель/матрица. Приведены результаты оценки деформационной способности КМ разного состава при прокатке и осадке; рассмотрено влияние термообработки на деформационную способность КМ, особенности локализации пластической деформации матриц при ИПД в присутствии высокомодульных армирующих фаз. Рассмотрены методы сварки и пайки образцов КМ, влияние сварочного нагрева на эволюцию структуры в зоне соединения; методы повышения свойств сварных соединений. Обсуждены способы изготовления функционального армированных (градиентных) КМ: центробежное литье, сварка взрывом, прокатка биметалла, плазменное напыление, наплавка. Показано влияние соотношения плотностей компонентов, смачивания, режимов обработки на распределение армирующих фаз. Теоретически и экспериментально обоснована целесообразность применения дискретно армированных КМ в трибосопряжениях. Приведены данные о механизмах изнашивания КМ: абразивном, механическом, адгезионном. Обсуждены особенности контактных взаимодействий в присутствии армирующих частиц.
|
| 606 |
1 |
|
|a Композитные материалы
|2 stltpush
|3 (RuTPU)RU\TPU\subj\51901
|9 70403
|
| 610 |
1 |
|
|a металлокомпозиты
|
| 610 |
1 |
|
|a компоненты
|
| 610 |
1 |
|
|a совместимость
|
| 610 |
1 |
|
|a металлические материалы
|
| 610 |
1 |
|
|a армирующие наполнители
|
| 610 |
1 |
|
|a структура
|
| 610 |
1 |
|
|a механические свойства
|
| 610 |
1 |
|
|a дисперсно-наполненные композиты
|
| 610 |
1 |
|
|a триботехнические характеристики
|
| 610 |
1 |
|
|a изготовление
|
| 610 |
1 |
|
|a монографии
|
| 675 |
|
|
|a 620.22-419.8
|v 3
|
| 701 |
|
1 |
|a Чернышова
|b Т. А.
|g Татьяна Александровна
|
| 701 |
|
1 |
|a Курганова
|b Ю. А.
|g Юлия Анатольевна
|
| 701 |
|
1 |
|a Кобелева
|b Л. И.
|g Любовь Ивановна
|
| 701 |
|
1 |
|a Болотова
|b Л. К.
|g Людмила Константиновна
|
| 801 |
|
1 |
|a RU
|b 63413507
|c 20150204
|
| 801 |
|
2 |
|a RU
|b 63413507
|c 20150212
|g RCR
|
| 942 |
|
|
|c BK
|